[Event "TUR-chT 2nd League"]
[Site "Denizli"]
[Date "2024.07.19"]
[Round "6.14"]
[White "Kaygisiz, Ilayda"]
[Black "Demirok, Sezen"]
[Result "1/2-1/2"]
[WhiteElo "1818"]
[BlackElo "1497"]
[PlyCount "22"]
[EventDate "2024.07.15"]
[EventType "team-swiss"]
[EventRounds "9"]
[EventCountry "TUR"]
[SourceTitle "EXT 2025"]
[Source "ChessBase"]
[SourceDate "2024.10.14"]
[SourceVersion "1"]
[SourceVersionDate "2024.10.14"]
[SourceQuality "1"]
[WhiteTeam "Denizli Gelisim"]
[BlackTeam "Mersin Altin Piyon"]
[WhiteTeamCountry "TUR"]
[BlackTeamCountry "TUR"]

1. e4 e5 2. Nf3 Nc6 3. Bc4 Bc5 4. d3 h6 5. h3 d6 6. c3 Nf6 7. Qe2 0-0 8. 0-0 Be6 9. Bb5 Ne7 10. d4 exd4 11. cxd4 Bb6 1/2-1/2